000
00176 a2200097 4500
001
7673
100
_a
Tufail, M
245
_a
260
_a
_b
Methuen
_c
090
_c
6137
_d
6137
942
_a
NUST-CAE
_c
M
_c
32642
999
_c
242746
_d
242746